| 000 | 00000nam##2200000za#4500 |
| 001 | 9.696519 |
| 003 | CaOODSP |
| 005 | 20210624235054 |
| 007 | cr ||||||||||| |
| 008 | 150407|2000||||xxc|||||o f|0| 0 eng|d |
| 040 | |aCaOODSP|beng |
| 043 | |an-cn--- |
| 086 | 1 |aF2-144/2000E-PDF |
| 110 | 1 |aCanada. |bDepartment of Finance. |
| 245 | 10|aLegislative proposals and explanatory notes on taxation of non-resident trusts and foreign investment entities / |h[electronic resource]|cpublished by the Honourable Paul Martin. |
| 260 | |aOttawa - Ontario : |bFinance Canada |cJune 2000. |
| 300 | |a183p. |
| 590 | |a12-38-Supp|b2012-09-27 |
| 690 | 07|aForeign investments|2gcpds |
| 690 | 07|aIncome tax|2gcpds |
| 775 | 08|tPropositions législatives et notes explicatives concernant l'imposition des fiducies non-résidentes et des entités de placement étrangères / |w(CaOODSP)9.640631 |
| 776 | 0#|tLegislative proposals and explanatory notes on taxation of non-resident trusts and foreign investment entities / |w(CaOODSP)9.647813 |
| 856 | 40|ahttp://publications.gc.ca|qPDF|s467 KB|uhttps://publications.gc.ca/collections/Collection/F2-144-2000E.pdf |